00334nam a2200145Ia 45000030006000000080041000060400015000471000027000622450025000892500006001142600030001203000009001505460012001590050017001710STCL150530s9999 xx 000 0 und d aSTCLcSTCL aPillai R.S.N;Bagavathi aAdvanced Accountancy a2 bKonark Delhic1994aDelhi a1476 aEnglish20220125170534.0